000 004440000a22001810004500
001 1424
003 CO-MdFUSB
005 20170605171057.0
008 170605b xxu||||| |||| 00| 0 eng d
020 _a980-257-234-9
040 _cCO-MdBIC
082 0 4 _a863C W643n
100 1 _aWild, Margaret
245 1 0 _aNana vieja / Margaret Wild ; ilustrado por Ron Brooks
260 _aCaracas : Ediciones Ekaré
300 _a30 P.
942 _cLGB
999 _c48585
_d48585